Donnez tous les homophones possibles #1 : "c'en" - Statistiques

Statistiques générales
  • Ce quiz a été pris 297 fois
  • Le résultat moyen est 5 sur 6
Statistiques - réponses
Homophones de c'en Réponse % Correct
2 S'en
99%
1 Sans
97%
6 Cent
89%
3 Sens
89%
4 Sent
89%
5 Sang
80%
Aucun quiz correspondant
Distribution des résultats
% des personnes avec chaque résultat
Percentile par nombre de réponses
Votre historique - résultats
Vous n’avez pas pris ce quiz